000 00250nam a2200097Ia 4500
008 190216s9999||||xx |||||||||||||| ||und||
100 _aKrishan Warrier N V
245 0 _aVyavasayika Karbanika Resathanthram
260 _bAnmol Publications
942 _cBK
999 _c39130
_d39130